Histoire abrégée de la littérature grecque depuis son origine jusqu'a la prise de Constantinople par les turcs / (Record no. 164953)
[ view plain ]
| 000 -LEADER | |
|---|---|
| campo de control de longitud fija | 00703nam a22001815i 4500 |
| 001 - NÚMERO DE CONTROL | |
| campo de control | 164953 |
| 003 - IDENTIFICADOR DE NÚMERO DE CONTROL | |
| campo de control | ES-MaACL |
| 005 - FECHA Y HORA DE LA ÚLTIMA TRANSACCIÓN | |
| campo de control | 20250628063340.0 |
| 008 - DATOS DE LONGITUD FIJA--INFORMACIÓN GENERAL | |
| campo de control de longitud fija | 050810s1813 fr | |||||||| ||fre d |
| 040 ## - FUENTE DE CATALOGACIÓN | |
| Centro catalogador/agencia de origen | CAM |
| Lengua de catalogación | spa |
| Centro/agencia transcriptor | CAM |
| 100 1# - ENTRADA PRINCIPAL--NOMBRE DE PERSONA | |
| Nombre de persona | Schoell, Friedrich, |
| Fechas asociadas al nombre | 1766-1833 |
| 9 (RLIN) | 132565 |
| 245 10 - MENCIÓN DEL TÍTULO | |
| Título | Histoire abrégée de la littérature grecque depuis son origine jusqu'a la prise de Constantinople par les turcs / |
| Mención de responsabilidad, etc. | par F. Schoell. |
| 260 ## - PUBLICACIÓN, DISTRIBUCIÓN, ETC. | |
| Lugar de publicación, distribución, etc. | Paris : |
| Nombre del editor, distribuidor, etc. | F. Schoell libraire, |
| Fecha de publicación, distribución, etc. | 1813 ( |
| Fabricante | Imprimerie de Smith) |
| 300 ## - DESCRIPCIÓN FÍSICA | |
| Extensión | 2 v. (XXXII, 377; 468 p.) ; |
| Dimensiones | 21 cm. |
| 650 04 - PUNTO DE ACCESO ADICIONAL DE MATERIA--TÉRMINO DE MATERIA | |
| Término de materia o nombre geográfico como elemento de entrada | Literatura griega- |
| Subdivisión general | Historia y crítica. |
| 9 (RLIN) | 14599 |
| 852 ## - LOCALIZACIÓN | |
| Ubicación | ES-MaACL |
| Número de control de estantería | B-1397-98 |
| Nota libre | -- Enc. hol. |
| Estatus retirado | Estado de pérdida | Estado de daño | No para préstamo | Colección | Biblioteca de origen | Biblioteca actual | Ubicación en estantería | Fecha de adquisición | Total de préstamos | Signatura topográfica completa | Código de barras | Visto por última vez | Precio de reemplazo | Tipo de ítem Koha |
|---|---|---|---|---|---|---|---|---|---|---|---|---|---|---|
| Libros del s. XIX | Biblioteca del Ateneo de Madrid | Biblioteca del Ateneo de Madrid | Sala Pardo Bazán | 17/01/2008 | B-1397-98 | 1172919 | 23/02/2023 | 23/02/2023 | Libro impreso antiguo |
